Grammar and beyond: Workbook 3
Bewaard in:
| Hoofdauteur: | |
|---|---|
| Formaat: | Boek |
| Taal: | Engels |
| Gepubliceerd in: |
Cambridge
Cambridge University Press
2012
|
| Editie: | 1a. ed |
| Onderwerpen: | |
| Tags: |
Voeg label toe
Geen labels, Wees de eerste die dit record labelt!
|
MARC
| LEADER | 00000cam a2200000 a 4500 | ||
|---|---|---|---|
| 001 | UCD3561 | ||
| 003 | CL-VaPUC | ||
| 008 | 160609e20120000uk |||||||||||||||||eng|d | ||
| 020 | |a 9781107601970 | ||
| 082 | 0 | 4 | |a 425 |b ODE |2 21 |
| 100 | 0 | |a O'Dell, Kathryn |e author |9 587073 | |
| 245 | 1 | 0 | |a Grammar and beyond: Workbook 3 |
| 250 | |a 1a. ed | ||
| 300 | |a 235 p | ||
| 942 | |c BK | ||
| 945 | |d 20160609 22:21:00 |a arojas | ||
| 260 | |a Cambridge |b Cambridge University Press |c 2012 | ||
| 500 | |a v.3: Workbook | ||
| 650 | 0 | |a Gramática |9 270497 | |
| 650 | 0 | |a Lengua inglesa |9 318842 | |
| 650 | 0 | |a Libros de texto |9 270019 | |
| 650 | 0 | |a Enseñanza del inglés |9 367340 | |
| 650 | 7 | |a GRAMATICA DEL INGLES |2 CL-VaPUC |9 555982 | |
| 583 | |a last modification |c 20160614 10:00:28 |k Rodrigo Vera | ||
| 999 | |c 364597 |d 364595 | ||
| 952 | |0 0 |1 0 |3 erb |4 0 |6 425_000000000000000_ODE_2012 |7 0 |8 A |9 478141 |a BIBEDU |b BIBEDU |i 5291607 |l 2 |o 425 ODE 2012 |p 5291607 |r 2022-06-30 |s 2022-06-30 |w 2019-11-24 |y BK |z Catalogado en:20160609 |k LIT | ||